000 00762nam a2200289Ia 4500
005 20260324113822.0
008 008 260324s9999 xx 000 0 eng d
020 _a9781003393108
037 _aEBOOK
040 _aCRL
040 _beng
040 _cCRL
041 _2eng
041 _aeng
084 _qCRL
100 _aVirendra Kumar Paul; Abhijit Rastogi; Sumedha Dua; Chaitali Basu
_91148299
245 0 _aHealthcare Infrastructure, Resilience and Climate Change
245 0 _bPreparing for Extreme Weather Events
260 _bTaylor and Francis
260 _c2023
365 _a
365 _b290
856 _uhttp://www.taylorfrancis.com/books/9781003393108
942 _cEBOOK
999 _c1738142
_d1738142